El crimen de la hipotenusa / (Registro nro. 8689)

Detalles MARC
000 -LIDER
fixed length control field 00721nam a22002657a 4500
001 - NÚMERO DE CONTROL
Identificador de número de control 0074
003 - IDENTIFICACDOR DE NÚMERO DE CONTROL
control field DO-SdBNP
005 - DATE AND TIME OF LATEST TRANSACTION
control field 20180222092320.0
007 - CAMPOS FIJOS DE DESCRIPCIÓN FÍSICA
fixed length control field 0074
008 - ELEMENTOS DE LONGITUD FIJA
fixed length control field 151112b 1992 sp a | |||| 00| 0 spa d
020 ## - ISBN
International Standard Book Number 8434837064
040 ## - FUENTE DE CATALOGACIÓN
Agencia que crea de manera original el registro BPMSU
Idioma de catalogación spa
Agencia que realiza la transcripción BPMSU
092 ## - LOCALLY ASSIGNED DEWEY DECIMAL CALL NUMBER
Número de clasificación xxxxxxxx
Número de ítem (Cutter) xxxxxxxx
100 10 - ASIENTO PRINCIPAL -- NOMBRE PERSONAL
Nombre personal Teixidor, Emili
245 13 - MENCIÓN DE TITULO
Título El crimen de la hipotenusa /
Mención de responsabilidad Emili Teixidor ; ilustración Sergio García
260 ## - PUBLICACIÓN, DISTRIBUCIÓN, ETC. (PIE DE IMPRENTA)
Lugar de publicación, distribución, etc Madrid :
Nombre del editor, distribuidor, etc. S. M.,
Fecha de publicación, distribución, etc 1992.
300 ## - DESCRIPCIÓN FÍSICA
Extensión 127 p. :
Otros detalles físicos il.,
Dimensiones 17 cm.
490 10 - MENCIÓN DE SERIES
Mención de serie Catamarán
Volume/sequential designation 35
521 ## - TARGET AUDIENCE NOTE
Target audience note A partir de 12 años.
700 10 - ASIENTO SECUNDARIO -- NOMBRE PERSONAL
Nombre personal García, Sergio,
Mención de responsabilidad il.
830 00 - ASIENTO SECUNDARIO DE SERIE--TÍTULO UNIFORME
Título uniforme Catamarán
Número de la parte o sección de una obra 35
942 ## - ADDED ENTRY ELEMENTS (KOHA)
Source of classification or shelving scheme Dewey Decimal Classification
Koha item type Libros
945 ## - INFORMACIÓN DE PROCESAMIENTO LOCAL
Información de procesamiento local Inventariado, 2018/ YL
956 ## - LOCAL ELECTRONIC LOCATION AND ACCESS (OCLC)
Nombre de host Brenda Tavárez
Existencias
Withdrawn status Lost status Source of classification or shelving scheme Damaged status Not for loan Collection code Home library Current library Date acquired Source of acquisition Total Checkouts Barcode Date last seen Price effective from Koha item type
    Dewey Decimal Classification     Colección Infantil General Biblioteca Pública Metropolitana Salomé Ureña Biblioteca Pública Metropolitana Salomé Ureña 11/12/2015 Donado por la agencia de cooperación internacional del Japón   BPMSU15110241 11/12/2015 11/12/2015 Libros